<?xml version="1.0" encoding="UTF-8"?><OAI-PMH xmlns="http://www.openarchives.org/OAI/2.0/" xmlns:xsi="http://www.w3.org/2001/XMLSchema-instance"     xsi:schemaLocation="http://www.openarchives.org/OAI/2.0/ http://www.openarchives.org/OAI/2.0/OAI-PMH.xsd"><responseDate>2026-06-03T00:53:43Z</responseDate><request verb="GetRecord" identifier="oai:regmurcia.com:fintegr.5508" metadataPrefix="marc21">http://oai.regmurcia.com/oai2/oai2.php</request><GetRecord><record><header><identifier>oai:regmurcia.com:fintegr.5508</identifier><datestamp>2026-06-03</datestamp><setSpec>documentos</setSpec></header><metadata><record  xmlns="http://www.loc.gov/MARC21/slim" xmlns:xsi="http://www.w3.org/2001/XMLSchema-instance" xsi:schemaLocation="http://www.loc.gov/MARC21/slim http://www.loc.gov/standards/marcxml/schema/MARC21slim.xsd" type="Bibliographic"><leader>00000nam a2200000   4500</leader><controlfield tag="001" >005123711</controlfield><controlfield tag="003" >5508</controlfield><controlfield tag="004" >A00000000</controlfield><datafield tag="245" ind1=" " ind2=" "><subfield code="a">Traslado de una Carta de Privilegios y de confirmación de privilegios de Felipe IV que lleva insertas dos Reales Cédulas y otras cartas que tiene la ciudad de Murcia de todos sus privilegios, usos y costumbres general. Anotación de la confirmación de privilegios por parte de Felipe V.</subfield></datafield><datafield tag="300" ind1=" " ind2=" "><subfield code="a">17 páginas</subfield></datafield><datafield tag="351" ind1=" " ind2=" "><subfield code="a">Unidad documental compuesta</subfield><subfield code="c">Archivo de Murcia. Array</subfield><subfield code="a">Unidad documental compuesta</subfield><subfield code="c">Archivo de Murcia. Array</subfield></datafield><datafield tag="351" ind1=" " ind2=" "><subfield code="b">Nº55</subfield></datafield><datafield tag="520" ind1=" " ind2=" "><subfield code="a">Incluye el traslado de dos Reales Cédulas de Felipe IV, una, Madrid 27-04-1621, sobre la orden dada de cómo se han de reescribir las cartas de privilegios y la otra, Madrid 04-07-1623, por la que se manda que los concertadores y escribanos mayores despachen una carta de privilegios de Felipe II. Esta segunda cédula lleva inserta la primera cédula y tres cartas de privilegio y confirmación: una de los Reyes Católicos, Córdoba 14-00-1487, otra de Enrique IV, Sevilla 12-08-1450, y la última de Juan II, Simancas 14-06-1420.
Incluye una anotación en la última página: &quot;Este privilegio se confirmó por el rey Felipe V en Madrid a 19-11-1701, escribiéndose todo a la letra por lo que se da éste por cancelado y uno se devuelve a la parte de la ciudad de Murcia. Madrid, noviembre, 1701. Navarro de Guevara.&quot;</subfield></datafield><datafield tag="535" ind1=" " ind2=" "><subfield code="a">Archivo Municipal de Murcia</subfield></datafield><datafield tag="583" ind1=" " ind2=" "><subfield code="u">http://www.regmurcia.com/servlet/s.Sl?METHOD=VERDOCUMENTO&amp;sit=serv,Carmesi&amp;n=/01/473/indice.djvu</subfield></datafield><datafield tag="592" ind1=" " ind2=" "><subfield code="b">1623-07-27 Madrid</subfield></datafield><datafield tag="592" ind1=" " ind2=" "><subfield code="c">1701-11-19 Madrid</subfield></datafield><datafield tag="592" ind1=" " ind2=" "><subfield code="d">1701-12-31 00:00:00</subfield></datafield><datafield tag="786" ind1=" " ind2=" "><subfield code="o">http://www.regmurcia.com/servlet/s.Sl?METHOD=VERDOCUMENTO&amp;sit=serv,Carmesi&amp;n=/01/473/indice.djvu</subfield></datafield><datafield tag="856" ind1=" " ind2=" "><subfield code="u">http://www.regmurcia.com/servlet/s.Sl?METHOD=DETALLE&amp;sit=c,373,m,139,serv,Carmesi&amp;id=5508</subfield></datafield></record></metadata></record></GetRecord></OAI-PMH>
